00308nam a2200133Ia 4500008004100000020001500041041001200056082001600068100001400084245002700098260002900125300000800154650001200162221030s9999 xx 000 0 und d a0195642724 aEnglish a105.23bSha aA. Sharma 0aPhilosophy Of Religion bOxford PubaMumbaic1997 a213 aGeneral